[Event "FIN-chT 1516"]
[Site "Finland"]
[Date "2015.11.08"]
[Round "6.5"]
[White "Sorsa, Nuutti"]
[Black "Prieur, Eetu"]
[Result "0-1"]
[WhiteElo "2237"]
[BlackElo "2178"]
[PlyCount "148"]
[EventDate "2015.09.12"]
[EventType "team-tourn"]
[EventRounds "11"]
[EventCountry "FIN"]
[SourceTitle "CBM 170 Extra"]
[Source "ChessBase"]
[SourceDate "2016.02.25"]
[SourceVersion "1"]
[SourceVersionDate "2016.02.25"]
[SourceQuality "1"]
[WhiteTeam "Turku TuTS"]
[BlackTeam "Helsinki Aatos"]
[WhiteTeamCountry "FIN"]
[BlackTeamCountry "FIN"]

1. c4 e5 2. g3 Nc6 3. Bg2 f5 4. e3 Nf6 5. Nc3 Bc5 6. Nge2 d6 7. d4 Bb6 8. b4 a5 9. b5 Ne7 10. Ba3 e4 11. Qa4 0-0 12. c5 Ba7 13. Qxa5 Be6 14. cxd6 cxd6 15. Qxd8 Rfxd8 16. f3 Ned5 17. Bc1 Nb4 18. Kd2 Rdc8 19. Ba3 Bc5 20. Nb1 Nc2 21. dxc5 Nxa1 22. Nd4 Bxa2 23. Bb2 Nb3+ 24. Nxb3 Bxb3 25. fxe4 Nxe4+ 26. Bxe4 fxe4 27. Kc3 Bf7 28. Na3 Rxc5+ 29. Kb4 Rac8 30. Ka5 Kf8 31. Kb6 R8c7 32. Rf1 Kg8 33. Rd1 Rd7 34. Bd4 Rc8 35. Be5 Ra8 36. Bb2 Bb3 37. Rd4 d5 38. Rb4 Bd1 39. Rd4 Bb3 40. Rb4 Bd1 41. Rd4 Be2 42. Kc5 Rc8+ 43. Kb6 Bc4 44. Rd2 Bd3 45. Ka7 Rf8 46. Be5 Rf3 47. Bd4 Rf1 48. b6 Rc1 49. Kb8 Kf7 50. Rf2+ Ke8 51. Rf5 Rf1 52. Rg5 g6 53. Re5+ Kf8 54. Kc8 Rff7 55. Re6 Ba6 56. Nc2 Bb5 57. Bc5+ Kg7 58. Nd4 Ba4 59. Bd6 Bc6 60. Be5+ Kh6 61. Nxc6 bxc6 62. Rxc6 Rde7 63. Bf4+ Kh5 64. Rc7 Re8+ 65. Kb7 Rxf4 66. Rxh7+ Kg4 67. gxf4 d4 68. Kc7 dxe3 69. Rg7 Kf5 70. Kd7 Rb8 71. Rf7+ Kg4 72. Re7 Kf3 73. Kc7 Rg8 74. b7 e2 0-1

[Event "FIN-chT 1213"]
[Site "Finland"]
[Date "2013.03.10"]
[Round "14.7"]
[White "Torkkola, Henri"]
[Black "Prieur, Eetu"]
[Result "1/2-1/2"]
[WhiteElo "2122"]
[BlackElo "2154"]
[PlyCount "95"]
[EventDate "2012.09.28"]
[EventType "team-tourn"]
[EventRounds "11"]
[EventCountry "FIN"]
[SourceTitle "EXT 2014"]
[Source "ChessBase"]
[SourceDate "2013.11.20"]
[SourceVersion "1"]
[SourceVersionDate "2013.11.20"]
[SourceQuality "1"]
[WhiteTeam "Sastamala VammSK"]
[BlackTeam "Helsinki Aatos"]
[WhiteTeamCountry "FIN"]
[BlackTeamCountry "FIN"]

1. e4 e5 2. Nf3 Nc6 3. Bb5 f5 4. d3 fxe4 5. dxe4 Nf6 6. 0-0 Bc5 7. Qd3 d6 8. Qc4 Bd7 9. Nc3 a6 10. Bxc6 Bxc6 11. Nxe5 dxe5 12. Qxc5 Qd4 13. Be3 Qxc5 14. Bxc5 b6 15. Be3 Nxe4 16. Nxe4 Bxe4 17. Rfe1 Bg6 18. Bf4 0-0-0 19. Rxe5 Rhe8 20. Rxe8 Rxe8 21. Be3 Bxc2 22. Rc1 Rd8 23. Bxb6 Rd1+ 24. Rxd1 Bxd1 25. Bd4 g6 26. f3 Kd7 27. Kf2 Ke6 28. Ke3 Kd5 29. b3 Bc2 30. Bc3 Bb1 31. Kd2 h5 32. Bg7 c6 33. Kc3 Bf5 34. Bh6 Bb1 35. Bf8 Bf5 36. b4 Bb1 37. a3 Ba2 38. h4 Bc4 39. g4 Be2 40. gxh5 gxh5 41. f4 Bg4 42. Bg7 Be6 43. Bf6 Ke4 44. Be5 Ba2 45. Bc7 Bd5 46. Be5 Ba2 47. Bc7 Bd5 48. Be5 1/2-1/2

[Event "FIN-chT 1213"]
[Site "Finland"]
[Date "2013.01.12"]
[Round "8.7"]
[White "Prieur, Eetu"]
[Black "Pulkkinen, Kari"]
[Result "1-0"]
[WhiteElo "2154"]
[BlackElo "2260"]
[PlyCount "97"]
[EventDate "2012.09.28"]
[EventType "team-tourn"]
[EventRounds "11"]
[EventCountry "FIN"]
[SourceTitle "EXT 2014"]
[Source "ChessBase"]
[SourceDate "2013.11.20"]
[SourceVersion "1"]
[SourceVersionDate "2013.11.20"]
[SourceQuality "1"]
[WhiteTeam "Helsinki Aatos"]
[BlackTeam "Espoo MatSK"]
[WhiteTeamCountry "FIN"]
[BlackTeamCountry "FIN"]

1. f4 d5 2. g3 g6 3. Bg2 Bg7 4. Nf3 Nf6 5. 0-0 0-0 6. d3 c5 7. Qe1 d4 8. Na3 Nc6 9. c3 Nd5 10. Bd2 Bg4 11. Nc2 dxc3 12. bxc3 Qd7 13. c4 Nc7 14. Bc3 Bxc3 15. Qxc3 Ne6 16. Ne5 Nxe5 17. Qxe5 Nd4 18. Nxd4 Qxd4+ 19. Qxd4 cxd4 20. Rfe1 Rab8 21. e3 dxe3 22. Rxe3 Be6 23. d4 Bxc4 24. Rxe7 Rfd8 25. Rd1 Bd5 26. Bxd5 Rxd5 27. Kf2 Kg7 28. Ke3 Kf6 29. Re5 Rbd8 30. Ke4 R5d6 31. g4 Rc8 32. Rd2 Rc1 33. g5+ Kg7 34. d5 b5 35. Kd4 Rc4+ 36. Ke3 a5 37. Re7 a4 38. Rb7 b4 39. h4 Kf8 40. Rd4 Rc2 41. Rb8+ Kg7 42. Re4 Rc1 43. Ree8 Re1+ 44. Kd4 Rxe8 45. Rxe8 Rb6 46. Kc5 Rb7 47. Kc6 Ra7 48. d6 b3 49. d7 1-0

[Event "FIN-chT 1213"]
[Site "Finland"]
[Date "2012.09.30"]
[Round "2.6"]
[White "Prieur, Eetu"]
[Black "Salimaki, Janne"]
[Result "0-1"]
[WhiteElo "2154"]
[BlackElo "2157"]
[PlyCount "134"]
[EventDate "2012.09.28"]
[EventType "team-tourn"]
[EventRounds "11"]
[EventCountry "FIN"]
[SourceTitle "CBM 150 Extra"]
[Source "ChessBase"]
[SourceDate "2012.10.19"]
[SourceVersion "1"]
[SourceVersionDate "2012.10.19"]
[SourceQuality "1"]
[WhiteTeam "Helsinki Aatos"]
[BlackTeam "Espoo MatSK II"]
[WhiteTeamCountry "FIN"]
[BlackTeamCountry "FIN"]

1. e4 e5 2. Nf3 Nc6 3. Bb5 a6 4. Ba4 Nf6 5. d4 exd4 6. 0-0 Be7 7. Re1 b5 8. e5 Nxe5 9. Rxe5 d6 10. Re1 bxa4 11. Nxd4 Bd7 12. Qf3 0-0 13. Nc6 Bxc6 14. Qxc6 d5 15. Bg5 a3 16. b3 Qd6 17. Qa4 Qb4 18. Qxb4 Bxb4 19. c3 Bd6 20. Bxf6 gxf6 21. Nd2 a5 22. Nf3 c5 23. Rad1 Rfd8 24. Kf1 Bf8 25. c4 d4 26. Rd3 a4 27. Nd2 Rdb8 28. Rb1 axb3 29. Rbxb3 Rxb3 30. Rxb3 f5 31. Ke2 Bh6 32. Nf3 Bc1 33. Rb5 Rc8 34. Kd3 Bb2 35. Ne5 Bc3 36. Rb7 Re8 37. Nxf7 Re1 38. Nh6+ Kf8 39. Nxf5 Ra1 40. Rb8+ Kf7 41. Ke4 Rxa2 42. Rb7+ Ke6 43. Rb6+ Kd7 44. Kd5 Re2 45. Rb7+ Ke8 46. Rb8+ Kf7 47. Nd6+ Kf6 48. Ne4+ Rxe4 49. Kxe4 a2 50. Rb6+ Ke7 51. Rb7+ Kd6 52. Rb6+ Kc7 53. Ra6 a1Q 54. Rxa1 Bxa1 55. Kd3 Kd6 56. Ke4 Ke6 57. Kd3 Bb2 58. Ke4 Bc1 59. g3 Bd2 60. Kd3 Be1 61. Ke2 Ba5 62. Kd3 Kf5 63. f3 h5 64. Ke2 Bc7 65. Kf2 Kg5 66. Kg2 h4 67. g4 h3+ 0-1

[Event "FIN-chT 1011"]
[Site "Finland"]
[Date "2011.02.12"]
[Round "6.8"]
[White "Nieminen, Samuli"]
[Black "Prieur, Eetu"]
[Result "0-1"]
[WhiteElo "2079"]
[BlackElo "2152"]
[PlyCount "82"]
[EventDate "2010.09.18"]
[EventType "team-tourn"]
[EventRounds "9"]
[EventCountry "FIN"]
[SourceTitle "EXT 2012"]
[Source "ChessBase"]
[SourceDate "2011.11.24"]
[SourceVersion "1"]
[SourceVersionDate "2011.11.24"]
[SourceQuality "1"]
[WhiteTeam "Sal SK"]
[BlackTeam "Betfair Aatos"]
[WhiteTeamCountry "FIN"]
[BlackTeamCountry "FIN"]

1. d4 f5 2. c4 g6 3. g3 Bg7 4. Bg2 Nf6 5. Nf3 0-0 6. 0-0 d6 7. Nc3 Qe8 8. d5 a5 9. Be3 Na6 10. Qd2 Nc5 11. Nd4 Ng4 12. Bf4 h6 13. h3 Ne5 14. b3 g5 15. Be3 Qh5 16. f4 gxf4 17. Bxf4 Bd7 18. Rae1 a4 19. Kh2 axb3 20. axb3 Ng4+ 21. Kg1 Nf6 22. e3 Nfe4 23. Nxe4 fxe4 24. Qe2 Qg6 25. Kh2 c6 26. Ra1 Nd3 27. Rxa8 Rxa8 28. Rd1 c5 29. Ne6 Bxe6 30. dxe6 Qxe6 31. Bxe4 Qxe4 32. Rxd3 e5 33. Rxd6 exf4 34. gxf4 Ra1 35. Rd8+ Kh7 36. Qd3 Ra2+ 37. Kg3 Rg2+ 38. Kh4 Qxd3 39. Rxd3 Kg6 40. f5+ Kxf5 41. Rd6 Rg5 0-1

[Event "FIN-chT 1011"]
[Site "Finland"]
[Date "2010.09.19"]
[Round "2.7"]
[White "Toikkanen, Vesa"]
[Black "Prieur, Eetu"]
[Result "1/2-1/2"]
[WhiteElo "2058"]
[BlackElo "2152"]
[PlyCount "54"]
[EventDate "2010.09.18"]
[EventType "team-tourn"]
[EventRounds "9"]
[EventCountry "FIN"]
[SourceTitle "EXT 2012"]
[Source "ChessBase"]
[SourceDate "2011.11.24"]
[SourceVersion "1"]
[SourceVersionDate "2011.11.24"]
[SourceQuality "1"]
[WhiteTeam "Mat SK II"]
[BlackTeam "Betfair Aatos"]
[WhiteTeamCountry "FIN"]
[BlackTeamCountry "FIN"]

1. d4 f5 2. Nc3 g6 3. e4 fxe4 4. f3 d5 5. fxe4 dxe4 6. Nxe4 Bg7 7. Be3 Nc6 8. c3 e5 9. d5 Nce7 10. Bb5+ Bd7 11. Qb3 Nf6 12. Nc5 c6 13. Nxb7 Qc7 14. dxc6 Bxc6 15. Bxc6+ Qxc6 16. 0-0-0 Nf5 17. Na5 Qa6 18. Qa4+ Kf7 19. Nf3 Rhb8 20. Nxe5+ Kg8 21. Bf4 Nh5 22. g3 Qe2 23. Rd2 Qb5 24. Qc4+ Qxc4 25. Naxc4 Re8 26. Ng4 Nxf4 27. gxf4 Re4 1/2-1/2

[Event "FIN-chT 1011"]
[Site "Finland"]
[Date "2010.09.18"]
[Round "1.8"]
[White "Tusa, Tuukka"]
[Black "Prieur, Eetu"]
[Result "0-1"]
[WhiteElo "2195"]
[BlackElo "2152"]
[PlyCount "106"]
[EventDate "2010.09.18"]
[EventType "team-tourn"]
[EventRounds "9"]
[EventCountry "FIN"]
[SourceTitle "EXT 2012"]
[Source "ChessBase"]
[SourceDate "2011.11.24"]
[SourceVersion "1"]
[SourceVersionDate "2011.11.24"]
[SourceQuality "1"]
[WhiteTeam "Velhot"]
[BlackTeam "Betfair Aatos"]
[WhiteTeamCountry "FIN"]
[BlackTeamCountry "FIN"]

1. c4 e5 2. g3 Nc6 3. Bg2 f5 4. Nc3 Nf6 5. d3 Bc5 6. e3 0-0 7. Nge2 d6 8. 0-0 Bb6 9. Nd5 Nxd5 10. Bxd5+ Kh8 11. Bg2 Qf6 12. Bd2 Qg6 13. f4 Be6 14. Kh1 e4 15. dxe4 Bxc4 16. exf5 Qxf5 17. Re1 Bd5 18. Nc3 Bxg2+ 19. Kxg2 d5 20. a3 Rad8 21. Qb1 Qh5 22. Na4 Rfe8 23. Nxb6 axb6 24. Qd3 Re4 25. Rad1 Rde8 26. h3 d4 27. g4 Qd5 28. Kh2 Rd8 29. Bc3 h6 30. b4 b5 31. exd4 Rxf4 32. Qc2 Rdf8 33. Re2 Rf3 34. Rdd2 Qd6+ 35. Re5 Nxe5 36. dxe5 Qc6 37. Bd4 Qc4 38. Qg6 Qf1 39. Rg2 Qd3 40. Qxd3 Rxd3 41. Bb2 Rff3 42. Kg1 Rd1+ 43. Kh2 Rfd3 44. e6 R1d2 45. Bc1 Rxg2+ 46. Kxg2 Rd6 47. Bf4 Rxe6 48. Bxc7 Re3 49. h4 Rxa3 50. Be5 Rb3 51. Bd6 g6 52. Kf2 h5 53. gxh5 gxh5 0-1

[Event "FIN-chT 0910"]
[Site "Finland"]
[Date "2010.02.13"]
[Round "6.7"]
[White "Ristoja, Samu"]
[Black "Prieur, Eetu"]
[Result "1-0"]
[WhiteElo "2021"]
[BlackElo "2161"]
[PlyCount "77"]
[EventDate "2009.09.19"]
[EventType "team-tourn"]
[EventRounds "9"]
[EventCountry "FIN"]
[SourceTitle "EXT 2022"]
[Source "ChessBase"]
[SourceDate "2021.10.06"]
[SourceVersion "1"]
[SourceVersionDate "2021.10.06"]
[SourceQuality "1"]
[WhiteTeam "Helsinki Garde"]
[BlackTeam "Helsinki Aatos"]
[WhiteTeamCountry "FIN"]
[BlackTeamCountry "FIN"]

1. e4 e5 2. Nf3 Nc6 3. Bc4 Nf6 4. d3 Bc5 5. 0-0 d6 6. c3 Bg4 7. b4 Bb6 8. a4 a5 9. b5 Ne7 10. Qb3 d5 11. Bxd5 Nexd5 12. Nxe5 Be6 13. exd5 Nxd5 14. Qa3 Qf6 15. d4 0-0-0 16. Be3 Nf4 17. Bxf4 Qxf4 18. Qc1 Qf5 19. Na3 h5 20. Nac4 h4 21. Ne3 Qh5 22. Qd1 Qg5 23. f4 Qh6 24. Qf3 f6 25. N5c4 Bf7 26. Rae1 Qh7 27. Qg4+ Kb8 28. Nxb6 cxb6 29. Qf5 Bg6 30. Qe6 Rhe8 31. Qxb6 Bd3 32. Rf3 g5 33. Rd1 Rd7 34. Qxa5 Be2 35. b6 Rde7 36. Qa7+ Kc8 37. Qa8+ Kd7 38. Qxb7+ Ke6 39. Qd5# 1-0

[Event "FIN-chT 0809"]
[Site "Finland"]
[Date "2009.02.14"]
[Round "6.6"]
[White "Hentunen, Asko"]
[Black "Prieur, Eetu"]
[Result "1-0"]
[WhiteElo "2322"]
[BlackElo "2158"]
[PlyCount "115"]
[EventDate "2008.09.06"]
[EventType "team-tourn"]
[EventRounds "9"]
[EventCountry "FIN"]
[SourceTitle "EXT 2022"]
[Source "ChessBase"]
[SourceDate "2021.10.06"]
[SourceVersion "1"]
[SourceVersionDate "2021.10.06"]
[SourceQuality "1"]
[WhiteTeam "Espoo MatSK"]
[BlackTeam "Helsinki Aatos"]
[WhiteTeamCountry "FIN"]
[BlackTeamCountry "FIN"]

1. c4 e5 2. g3 Nc6 3. Bg2 f5 4. Nc3 Nf6 5. e3 f4 6. exf4 exf4 7. d4 fxg3 8. hxg3 Be7 9. Nf3 d6 10. d5 Ne5 11. Nxe5 dxe5 12. Qe2 0-0 13. Qxe5 Bc5 14. Be3 Bxe3 15. fxe3 Ng4 16. Qd4 Qg5 17. Nd1 Bd7 18. Kd2 Rae8 19. Be4 h6 20. Rc1 Re7 21. d6 cxd6 22. Qd5+ Qxd5+ 23. Bxd5+ Be6 24. Bxe6+ Rxe6 25. Rg1 b6 26. Ke2 Ref6 27. Rc2 Rf3 28. Rd2 Nf2 29. Rf1 Ne4 30. Rxf3 Rxf3 31. Rd4 Ng5 32. Rg4 Rf6 33. Nc3 Kf8 34. Nb5 a5 35. Nc7 Rf7 36. Nd5 Rb7 37. Nc3 Ke8 38. Nd5 Ne6 39. Re4 Kd7 40. Rg4 Kc6 41. Rg6 Nf8 42. Rg4 b5 43. Nc3 b4 44. Nb5 Rf7 45. Rd4 Rf6 46. Rd5 Nd7 47. Nd4+ Kb6 48. Rb5+ Kc7 49. Rxa5 Rg6 50. Ra7+ Kc8 51. Nf5 Ne5 52. Ne7+ Kb8 53. Nxg6 Kxa7 54. Nxe5 dxe5 55. Kf3 Kb6 56. Ke4 Kc5 57. b3 Kd6 58. Kf5 1-0

[Event "FIN-chT 0708"]
[Site "Finland"]
[Date "2007.11.18"]
[Round "5.6"]
[White "Prieur, Eetu"]
[Black "Sorsa, Miitrei"]
[Result "1-0"]
[WhiteElo "2164"]
[BlackElo "2198"]
[PlyCount "51"]
[EventDate "2007.09.15"]
[EventType "team-tourn"]
[EventRounds "9"]
[EventCountry "FIN"]
[SourceTitle "EXT 2022"]
[Source "ChessBase"]
[SourceDate "2021.10.06"]
[SourceVersion "1"]
[SourceVersionDate "2021.10.06"]
[SourceQuality "1"]
[WhiteTeam "Helsinki Aatos"]
[BlackTeam "Turku TS"]
[WhiteTeamCountry "FIN"]
[BlackTeamCountry "FIN"]

1. e4 d6 2. d4 Nf6 3. Nc3 g6 4. f4 c6 5. Nf3 Bg4 6. h3 Bxf3 7. Qxf3 Qc7 8. Bd3 Nbd7 9. e5 Nh5 10. Be3 0-0-0 11. 0-0 e6 12. a4 Ng7 13. Rfb1 f6 14. b4 fxe5 15. dxe5 dxe5 16. Bxa7 exf4 17. a5 Ne5 18. Qxf4 Bd6 19. Qe4 Rdf8 20. Bb6 Qb8 21. a6 bxa6 22. Bxa6+ Kd7 23. Bc5 Nf5 24. Rd1 Nf7 25. Bc4 Ng5 26. Qe5 1-0

[Event "FIN-chT 0607"]
[Site "Finland"]
[Date "2007.01.13"]
[Round "6.5"]
[White "Prieur, Eetu"]
[Black "Hokkanen, Petri"]
[Result "1/2-1/2"]
[WhiteElo "2163"]
[BlackElo "2327"]
[PlyCount "94"]
[EventDate "2006.09.14"]
[EventType "team-tourn"]
[EventRounds "9"]
[EventCountry "FIN"]
[SourceTitle "EXT 2022"]
[Source "ChessBase"]
[SourceDate "2021.10.06"]
[SourceVersion "1"]
[SourceVersionDate "2021.10.06"]
[SourceQuality "1"]
[WhiteTeam "Helsinki Aatos"]
[BlackTeam "Helsinki Velhot"]
[WhiteTeamCountry "FIN"]
[BlackTeamCountry "FIN"]

1. e4 d6 2. d4 Nf6 3. Nc3 g6 4. f4 Bg7 5. Nf3 0-0 6. e5 dxe5 7. fxe5 Nd5 8. Bc4 Nb6 9. Bb3 Bg4 10. 0-0 Nc6 11. Be3 Na5 12. Qe1 Nbc4 13. Ne4 Qd5 14. Ned2 Nxb3 15. axb3 Nxd2 16. Nxd2 c5 17. c3 cxd4 18. cxd4 Be6 19. Nc4 Rfc8 20. Qb4 Qd7 21. Rfd1 b5 22. Nd2 Bd5 23. Rf1 Rc2 24. Rf2 Rac8 25. Qa3 R8c7 26. Raf1 h5 27. Nf3 Qg4 28. Rxc2 Rxc2 29. Rf2 Rc7 30. h3 Qe4 31. Bg5 f6 32. exf6 exf6 33. Qd6 Rf7 34. Bd2 g5 35. Qd8+ Rf8 36. Qd7 g4 37. hxg4 hxg4 38. Nh4 Be6 39. Qxb5 f5 40. Re2 Bxd4+ 41. Kf1 Qb1+ 42. Be1 Bf7 43. Ng6 Bxg6 44. Qd5+ Bf7 45. Qxd4 f4 46. Re4 Bg6 47. Re7 Qd3+ 1/2-1/2

[Event "FIN-chT1B 0506"]
[Site "Finland"]
[Date "2006.03.11"]
[Round "7.4"]
[White "Prieur, Eetu"]
[Black "Mujunen, Martti"]
[Result "1/2-1/2"]
[WhiteElo "2187"]
[BlackElo "2132"]
[PlyCount "80"]
[EventDate "2005.09.17"]
[EventType "team-tourn"]
[EventRounds "7"]
[EventCountry "FIN"]
[SourceTitle "EXT 2022"]
[Source "ChessBase"]
[SourceDate "2021.10.06"]
[SourceVersion "1"]
[SourceVersionDate "2021.10.06"]
[SourceQuality "1"]
[WhiteTeam "Helsinki Aatos"]
[BlackTeam "Karhula TS"]
[WhiteTeamCountry "FIN"]
[BlackTeamCountry "FIN"]

1. e4 e5 2. Nf3 Nc6 3. Bb5 a6 4. Ba4 Nf6 5. d4 b5 6. Bb3 Nxd4 7. Bxf7+ Kxf7 8. Nxe5+ Kg8 9. Qxd4 c5 10. Qd3 Qe7 11. Bf4 d6 12. Nf3 Qxe4+ 13. Qxe4 Nxe4 14. 0-0 Bb7 15. Rd1 h6 16. Nbd2 Nxd2 17. Rxd2 Rd8 18. Rad1 d5 19. Ne5 g5 20. Bg3 Bd6 21. Nd3 Bf8 22. Ne5 Rh7 23. Ng4 Rf7 24. Re2 Bg7 25. Rde1 h5 26. Ne5 Rf5 27. Ng6 Kh7 28. Re7 Kxg6 29. Rxb7 Bxb2 30. Re6+ Rf6 31. Rbb6 Rxe6 32. Rxe6+ Kf5 33. Rxa6 Re8 34. Kf1 Be5 35. Rb6 Bxg3 36. hxg3 b4 37. Rb5 Rc8 38. Ke2 Ke4 39. Kd2 Kd4 40. Ra5 Rf8 1/2-1/2

[Event "FIN-chT qual 0405"]
[Site "Helsinki"]
[Date "2005.04.02"]
[Round "10"]
[White "Prieur, Eetu"]
[Black "Sorri, Juhani"]
[Result "0-1"]
[WhiteElo "2174"]
[BlackElo "2272"]
[PlyCount "92"]
[EventDate "2005.04.02"]
[EventType "team-match"]
[EventRounds "1"]
[EventCountry "FIN"]
[SourceTitle "EXT 2019"]
[Source "ChessBase"]
[SourceDate "2018.10.10"]
[SourceVersion "1"]
[SourceVersionDate "2018.10.10"]
[SourceQuality "1"]
[WhiteTeam "Helsinki Aatos"]
[BlackTeam "Helsinki HSK"]
[WhiteTeamCountry "FIN"]
[BlackTeamCountry "FIN"]

1. e4 e5 2. Nf3 Nc6 3. Bb5 a6 4. Ba4 Nf6 5. d4 exd4 6. 0-0 Be7 7. Re1 d6 8. Nxd4 Bd7 9. Bxc6 bxc6 10. Qf3 0-0 11. e5 Ng4 12. Nxc6 Bxc6 13. Qxc6 Nxe5 14. Qd5 Re8 15. Nc3 Rb8 16. b3 Bf6 17. Bd2 c6 18. Qe4 Qd7 19. h3 d5 20. Qf4 h6 21. Qa4 Ra8 22. Rac1 Ng6 23. Rxe8+ Qxe8 24. Qg4 Qe6 25. Qf3 Qd7 26. Na4 Qd6 27. Be3 Re8 28. Rd1 Bg5 29. Bd4 Nf4 30. Be3 Ne6 31. Bxg5 Nxg5 32. Qd3 Qb4 33. c3 Qb5 34. Kf1 Ne4 35. Kg1 Nf6 36. Kf1 Qb8 37. Kg1 a5 38. Nc5 Ne4 39. Nxe4 Rxe4 40. c4 Qe5 41. cxd5 cxd5 42. Kf1 a4 43. f3 Re3 44. Qxd5 Re1+ 45. Kf2 Qe2+ 46. Kg3 Rxd1 0-1

[Event "FIN-chT1B 0405"]
[Site "Finland"]
[Date "2004.11.14"]
[Round "4.4"]
[White "Toikka, Jussi"]
[Black "Prieur, Eetu"]
[Result "0-1"]
[WhiteElo "2090"]
[BlackElo "2174"]
[PlyCount "78"]
[EventDate "2004.09.18"]
[EventType "team-tourn"]
[EventRounds "7"]
[EventCountry "FIN"]
[SourceTitle "EXT 2022"]
[Source "ChessBase"]
[SourceDate "2021.10.06"]
[SourceVersion "1"]
[SourceVersionDate "2021.10.06"]
[SourceQuality "1"]
[WhiteTeam "Karhula TS"]
[BlackTeam "Helsinki Aatos"]
[WhiteTeamCountry "FIN"]
[BlackTeamCountry "FIN"]

1. Nf3 f5 2. e4 fxe4 3. Ng5 d5 4. d3 Qd6 5. dxe4 h6 6. Nh3 dxe4 7. Qh5+ g6 8. Qh4 Nf6 9. Nc3 a6 10. Bd2 Bg7 11. Bc4 Bg4 12. Nd5 Nbd7 13. Bb4 c5 14. Bc3 0-0-0 15. 0-0 g5 16. Qg3 Qxg3 17. Nxe7+ Kb8 18. hxg3 Nb6 19. b3 Rhe8 20. Ng6 Nxc4 21. bxc4 Be2 22. Rfb1 Bxc4 23. Ne5 Bd5 24. Ng4 Nxg4 25. Bxg7 e3 26. fxe3 Nxe3 27. Rb6 Nf5 28. Bxh6 Re2 29. Nf2 Rxc2 30. Bxg5 Re8 31. Rf6 Nd4 32. a4 Ree2 33. Rb1 Nf3+ 34. gxf3 Rxf2 35. Bf4+ Kc8 36. Rd1 Rg2+ 37. Kh1 Rh2+ 38. Kg1 Rcg2+ 39. Kf1 Bc4+ 0-1

[Event "FIN-chT1B 0405"]
[Site "Finland"]
[Date "2004.09.19"]
[Round "2.5"]
[White "Laine, Panu"]
[Black "Prieur, Eetu"]
[Result "1-0"]
[WhiteElo "2218"]
[BlackElo "2174"]
[PlyCount "93"]
[EventDate "2004.09.18"]
[EventType "team-tourn"]
[EventRounds "7"]
[EventCountry "FIN"]
[SourceTitle "EXT 2022"]
[Source "ChessBase"]
[SourceDate "2021.10.06"]
[SourceVersion "1"]
[SourceVersionDate "2021.10.06"]
[SourceQuality "1"]
[WhiteTeam "Espoo MatSK II"]
[BlackTeam "Helsinki Aatos"]
[WhiteTeamCountry "FIN"]
[BlackTeamCountry "FIN"]

1. e4 e5 2. Nf3 Nc6 3. Bb5 f5 4. Bxc6 dxc6 5. Nc3 Nf6 6. Qe2 fxe4 7. Nxe4 Bg4 8. h3 Bh5 9. d3 Qd5 10. g4 Bg6 11. Nc3 Bb4 12. Qxe5+ Kd7 13. Qxd5+ cxd5 14. Be3 Rae8 15. 0-0-0 c5 16. a3 Bxc3 17. bxc3 b6 18. Bf4 Rhf8 19. Ne5+ Kc8 20. Bg3 Nd7 21. Nxg6 hxg6 22. Rde1 c4 23. Kd2 Nc5 24. Re2 Kd7 25. Rhe1 Rxe2+ 26. Rxe2 Rf3 27. Re3 Rf7 28. Re5 Kc6 29. Ke3 cxd3 30. cxd3 Rd7 31. f3 Rf7 32. h4 Nxd3 33. Re6+ Kb5 34. Rxg6 Kc4 35. Rc6+ Nc5 36. Rc7 Rf8 37. Be5 Re8 38. f4 g6 39. Rxa7 Ne4 40. Rc7+ Kb3 41. Kd4 Nf2 42. Rc6 Nxg4 43. Rxb6+ Kxa3 44. Rxg6 Nf2 45. h5 Nh3 46. Kxd5 Rf8 47. Bd6+ 1-0